| 000 | 00847nam a2200205 4500 | ||
|---|---|---|---|
| 005 | 20240530110609.0 | ||
| 008 | 160702s2014 ua a g b 00| 0 ara d | ||
| 017 |
_a213/11483 _bمصر. دار الكتب المصرية |
||
| 040 | _aEG-CaGPL | ||
| 082 | 0 | 4 |
_a371.334/ _bع ت _221 |
| 100 | 0 | _aعماد شوقى ملقى سيفين القصراوى | |
| 245 | 1 | 2 |
_aالتدريس فى عصر الكوكبية : _bبحوث معاصرة فى تعليم الرياضيات / _cعماد شوقى ملقى سيفين القصراوى. |
| 250 | _aط . 1. | ||
| 260 |
_aالقاهرة : _bعالم الكتب، _c2014. |
||
| 300 |
_a526 ص. : _bجداول ؛ _c25 سم. |
||
| 504 | _aببليوجرافية : ص. 521-526. | ||
| 650 | 0 | 4 |
_aالرياضيات _xتعليم وتدريس |
| 942 |
_2ddc _cBK |
||
| 999 |
_c62821 _d62821 |
||